|
|
|
|
| LEADER |
00000nam0a2200000 4500 |
| 001 |
158879 |
| 005 |
20231101222052.0 |
| 035 |
|
|
|a (RuTPU)RU\TPU\book\172311
|
| 090 |
|
|
|a 158879
|
| 100 |
|
|
|a 20090429d2000 k y0rusy50 ca
|
| 101 |
0 |
|
|a rus
|
| 102 |
|
|
|a RU
|
| 105 |
|
|
|a y l 000zy
|
| 200 |
1 |
|
|a Нормы расхода материально-технических ресурсов для основного и вспомогательного производства в помощь дочерним предприятиям нефтяных и газовых компаний и акционерных обществ
|e сборник
|f Всероссийский научно-исследовательский институт организации, управления и экономики нефтегазовой промышленности (ОАО ВНИИОЭНГ)
|
| 210 |
|
|
|a Москва
|c ВНИИОЭНГ
|d 2000
|
| 215 |
|
|
|a 109 с.
|
| 606 |
1 |
|
|a Нефтяная промышленность
|x Нормирование расхода материалов
|2 stltpush
|3 (RuTPU)RU\TPU\subj\45921
|9 65110
|
| 610 |
1 |
|
|a нефтегазовые компании
|
| 610 |
1 |
|
|a акционерные общества
|
| 610 |
1 |
|
|a дочерние компании
|
| 610 |
1 |
|
|a основное производство
|
| 610 |
1 |
|
|a вспомогательное производство
|
| 610 |
1 |
|
|a материально-технические ресурсы
|
| 610 |
1 |
|
|a расход
|
| 610 |
1 |
|
|a нормы
|
| 610 |
1 |
|
|a трубы
|
| 610 |
1 |
|
|a припой
|
| 610 |
1 |
|
|a металлы
|
| 610 |
1 |
|
|a химические реагенты
|
| 610 |
1 |
|
|a потребность
|
| 610 |
1 |
|
|a заявки
|
| 610 |
1 |
|
|a выдача
|
| 610 |
1 |
|
|a нормирование
|
| 675 |
|
|
|a 622.323.002.3
|v 3
|
| 712 |
0 |
2 |
|a Всероссийский научно-исследовательский институт организации, управления и экономики нефтегазовой промышленности (ОАО ВНИИОЭНГ)
|2 stltpush
|3 (RuTPU)RU\TPU\col\5641
|
| 801 |
|
1 |
|a RU
|b 63413507
|c 20090429
|g PSBO
|
| 801 |
|
2 |
|a RU
|b 63413507
|c 20091021
|g RCR
|
| 942 |
|
|
|c BK
|
| 959 |
|
|
|a 56/20090428
|d 1
|e 6000,00
|f ЧЗТЛ:1
|